000
00347nam a2200145Ia 4500
008
240624s9999 xx 000 0 und d
041
_a
eng
082
_a
174.4 DEG
100
_a
DEGEORGE RICHARD T
245
_a
BUSINESS ETHICS
250
_a
(7th ed.)
260
_c
2015
_a
New Delhi
_b
Pearson
300
_a
550 : p. : cm. ; 26
365
_c
RS
_b
33
999
_c
24519
_d
24519